SARS: How a global Epidemic was stopped (Record no. 4474)

MARC details
000 -LEADER
fixed length control field 00541nam a22002057a 4500
003 - CONTROL NUMBER IDENTIFIER
control field OSt
005 - DATE AND TIME OF LATEST TRANSACTION
control field 20160624192634.0
008 - FIXED-LENGTH DATA ELEMENTS--GENERAL INFORMATION
fixed length control field 160624b xxu||||| |||| 00| 0 eng d
020 ## - INTERNATIONAL STANDARD BOOK NUMBER
International Standard Book Number 9290612134
040 ## - CATALOGING SOURCE
Transcribing agency DNLM
082 ## - DEWEY DECIMAL CLASSIFICATION NUMBER
Edition number WC505 S76w 2006
100 ## - MAIN ENTRY--PERSONAL NAME
Personal name World Health Organization
9 (RLIN) 3669
245 ## - TITLE STATEMENT
Title SARS: How a global Epidemic was stopped
260 ## - PUBLICATION, DISTRIBUTION, ETC. (IMPRINT)
Place of publication, distribution, etc. Geneva; WHO, 2006
300 ## - PHYSICAL DESCRIPTION
Extent x,307p; ill: 25cm
504 ## - BIBLIOGRAPHY, ETC. NOTE
Bibliography, etc Glossary, & index included
650 ## - SUBJECT ADDED ENTRY--TOPICAL TERM
Topical term or geographic name as entry element Epidemics
9 (RLIN) 9608
650 ## - SUBJECT ADDED ENTRY--TOPICAL TERM
Topical term or geographic name as entry element SARS Medicine
9 (RLIN) 9609
942 ## - ADDED ENTRY ELEMENTS (KOHA)
Source of classification or shelving scheme Other/Generic Classification Scheme
Koha item type Open Shelf
Holdings
Withdrawn status Lost status Source of classification or shelving scheme Damaged status Not for loan Home library Current library Date acquired Source of acquisition Inventory number Total Checkouts Barcode Date last seen Koha item type
    Other/Generic Classification Scheme     MUST Main Library MUST Main Library 24/06/2016   06/27234   2016-2717 24/06/2016 Open Shelf